Bites /

-д хадгалсан:
Номзүйн дэлгэрэнгүй
Үндсэн зохиолч: Giovanni
Формат: Ном
Хэл сонгох:англи
Хэвлэсэн: Berlin Bruno Gmünder 2007
Шошгууд: Шошго нэмэх
Шошго байхгүй, Энэхүү баримтыг шошголох эхний хүн болох!

MARC

LEADER 00000nam a2200000 4500
001 CDOM0000004659
003 mi
005 20251003162552.0
008 251003b |||||||| |||| 00| 0 eng d
020 |a 9783861874751 
040 |c mi 
100 |a Giovanni 
245 1 |a Bites /  |c by Giovanni 
260 |a Berlin  |b Bruno Gmünder  |c 2007 
300 |a 110 p.  |b fot.  |c 19 cm. 
942 |2 ddc  |c BK 
952 |0 0  |1 0  |2 ddc  |4 0  |6 B_AFT01GIOVANBIT11  |7 0  |9 7472  |a MI  |b MI  |d 2011-02-07  |i 5963  |l 0  |o B-AFT01-GIOVAN-BIT11  |p CDOM5963  |r 2025-07-13 16:28:00  |w 2025-07-13  |x DONO  |y BK 
999 |c 6169  |d 6169